Abeceda obsluhy ústředních vytápění kapalnými, plynnými i tuhými palivy

Bibliographic Details
Main Author: Straka, Rudolf (Author)
Format: Book
Language:Czech
PhysicalDescription:259 s. schémy, tabuľky 21 cm
Published: Praha Práce 1969
Edition:2. vyd.
Subjects:

MARC

LEADER 00000cam a2200000 a 4500
001 vtls001455338
003 SK-MaSNL
005 20260302002336.0
008 210928s1969 xr ke gr 00000 cze
020 |q (viazané) 
035 |a SNK000410645 
040 |a SNK  |b slo  |c SNK  |e AACR2 
041 0 |a cze 
044 |a xr  |c CZ 
072 7 |a 697  |x Vykurovanie, vetranie, klimatizácia  |2 konspekt 
072 7 |a 662  |x Výbušniny. Palivá  |2 konspekt 
080 |a 697.3  |2 2011 
080 |a (035)  |2 2011 
080 |a 662.75  |2 2011 
080 |a 662.76  |2 2011 
080 |a 662.71/.74  |2 2011 
100 1 |a Straka, Rudolf  |4 aut  |9 301553 
245 1 |a Abeceda obsluhy ústředních vytápění kapalnými, plynnými i tuhými palivy  |c Rudolf Straka 
250 |a 2. vyd. 
260 |a Praha  |b Práce  |c 1969 
300 |a 259 s.  |b schémy, tabuľky  |c 21 cm 
500 |a Viazaná 
650 0 7 |a ústredné kúrenie  |2 SNKPH  |9 69724 
650 0 7 |a Central heating  |2 SNKPHeng  |9 374103 
650 0 7 |a kvapalné palivá  |2 SNKPH  |9 51206 
650 0 7 |a plynné palivá  |2 SNKPH  |9 50878 
650 0 7 |a tuhé palivá  |2 SNKPH  |9 50879 
650 0 7 |a Liquid fuels  |2 SNKPHeng  |9 368000 
650 0 7 |a Gas fuels  |2 SNKPHeng  |9 359590 
650 0 7 |a Solid fuels  |2 SNKPHeng  |9 327793 
655 7 |a príručky  |2 SNKPH  |9 74364 
655 7 |a Handbooks, manuals, etc.  |2 SNKPHeng  |9 90964 
852 |a Štátna vedecká knižnica v Banskej Bystrici 
958 |a OND 
999 |c 987643  |d 989573 
952 |t P60, <04>, [BOOK], {604}  |a SNK  |b SNK  |y VYP  |7 0  |p 17A0386847  |o snkIC 44980 D1  |i snkKIP 7513/69  |0 0  |1 1  |4 0  |d 2003-06-16  |l 0  |r 2005-01-02 00:00:00  |w 2026-02-24